000 00705nam a22002177a 4500
003 UA-OsUOA
001 87495
007 ta
008 20120919b un ||||| |||| 00| 0 ukr d
100 _aПугачова М.В.
090 _a330(477)
_bП88
942 _cSA
040 _aUA-OsUOA
_bukr
_cUA-OsUOA
_dUA-OsUOA
245 _aВисокі статистичні технології: український досвід використання кон'юнктурних обстежень
300 _aС.27-34
955 _a0
041 _aukr
080 _a330(477)
773 0 _w87492
_tСтатистика України
_dК.
_d2012
_g2
650 7 _a330 Економіка взагалі
_2UDC
999 _c373825
_d373825